| 000 | 00610nam a2200229Ia 4500 | ||
|---|---|---|---|
| 003 | OSt | ||
| 005 | 20220923230347.0 | ||
| 006 | a|||||r|||| 00| 0 | ||
| 007 | ta | ||
| 008 | Pun | ||
| 024 | _a279,779 | ||
| 037 | _cTextual | ||
| 040 |
_aARTS _cARTS _bPun |
||
| 041 |
_2Pun _aPun |
||
| 082 | _aO153,1NPRTx, M2 | ||
| 100 |
_aਸਿੰਘ, ਪ੍ਰੀਤਮ _9156291 |
||
| 245 | 0 | _aਗ਼ਿੰਦਗੀ ਦੀ ਖੇਡ | |
| 260 | _c1982 | ||
| 650 | _aਪੰਜਾਬੀ ਸਾਹਿਤ | ||
| 942 |
_hO153,1NPRTx, M2 _cTEXL _2CC |
||
| 999 |
_c384239 _d384239 |
||